000 00378nam a22001337a 4500
082 _a624.1821
_bENG
_cL-32, P-90.
100 _aEnglekirk, Robert.
_942976
245 _aSteel structures.
_cRobert Englekirk,
260 _aNew York
_bJohn Wiley & Sons, Inc
300 _axxi, p- 807.:
_bill.
526 _a0
_b0
_c0
_d624_182100000000000_ENG
650 _aMCE
_9379
942 _2ddc
_cBK
999 _c546785
_d546785